000
00312nam a22001457a 4500
008
210427b ||||| |||| 00| 0 eng d
020
_a
9781560063193
041
_a
eng
080
_a
32
082
_a
32
100
_a
19
101
_a
SHP
245
_a
The age of Napoleon
_c
Harry Henderson
942
_2
udc
_c
BK
999
_c
56828
_d
56828